00329nam a2200133Ia 4500008004100000020001500041041000800056082001500064100003200079245002300111250000600134260004700140300000800187210716s2005 xx 000 0 und d a8183181279 aeng a651.3 CHOR aChopra, R K;Chopra, Ankita. aOffice management. a1 aBangalorebHimalaya Publishing Housec2005 a460